000
00335nam a22001457a 4500
008
230329b ||||| |||| 00| 0 eng d
020
_a
2900471755257
041
_a
eng
080
_2
FOURTH EDITION
_a
33
082
_a
33TRE
100
_a
23
101
_a
BIZNES
245
_a
MANAGING BUSINESS ETHICS
_c
TREVINO.K.L
942
_2
udc
_c
BK
999
_c
59478
_d
59478